| 000 | 00000nam 2200000zi 4500 |
| 001 | 9.947336 |
| 003 | CaOODSP |
| 005 | 20250129095337 |
| 006 | m o d f |
| 007 | cr cn||||||||| |
| 008 | 250124t20042004qucabd o f000 0 eng d |
| 020 | |z0662366611 |
| 040 | |aCaOODSP|beng|erda|cCaOODSP |
| 043 | |an-cn---|an-us--- |
| 086 | 1 |aEn57-52/128E-PDF|zEn56-195/2004E |
| 100 | 1 |aDoyon, Bernard,|d1963- |eauthor. |
| 245 | 10|aAssessment of flood damage : |bimpact functions for the Lower St. Lawrence / |cBernard Doyon, Alexandre Morin, Nicolas Roy, Étienne Dallaire and Jean-Philippe Côté. |
| 264 | 1|aSainte-Foy : |bEnvironment Canada, |c2004. |
| 264 | 4|c©2004 |
| 300 | |a1 online resource (vii, 28 pages, 77 unnumbered pages) : |billustrations, maps, graphs. |
| 336 | |atext|btxt|2rdacontent |
| 337 | |acomputer|bc|2rdamedia |
| 338 | |aonline resource|bcr|2rdacarrier |
| 490 | 1 |aTechnical report MSC Québec - Hydrology ; |vRT-128 |
| 500 | |a"March 2004." |
| 500 | |aCover title. |
| 500 | |aThe catalogue number (En56-195/2004E) and ISBN (0662366611) for the print edition have been copied in this electronic publication. |
| 500 | |aDigitized edition from print [produced by Environment and Climate Change Canada]. |
| 500 | |a"Prepared for the Coastal Processes Technical Working Group (CPTWG) of the International Lake Ontario - St. Lawrence River Study Board (International Joint Commission." |
| 520 | |a"This report describes the equations that will be used to assess the damage due to flooding on properties bordering the Lower St. Lawrence. Examples of Impact Functions are presented for Beauharnois, a municipality located on the south shore of Lake St. Louis, and also for Sainte-Anne-de-Sorel, a municipality facing the Sorel Archipelago, on the south shore of the River, near the entrance of Lake St. Pierre. The process of incorporating the Impact Functions into the Shared Vision Model is also outlined"--Introduction, page [1]. |
| 650 | 0|aFlood damage|zSaint Lawrence River|xMeasurement. |
| 650 | 0|aFlood damage|zSaint Lawrence River|xMathematical models. |
| 650 | 6|aDommages causés par les inondations|zSaint-Laurent (Fleuve)|xMesure. |
| 650 | 6|aDommages causés par les inondations|zSaint-Laurent (Fleuve)|xModèles mathématiques. |
| 710 | 2 |aMeteorological Service of Canada.|bQuebec Region.|bHydrology, |eissuing body. |
| 794 | |tAssessment of flood damage : |bMarch 2005 (Revised Version)|w(CaOODSP)9.947241 |
| 830 | #0|aTechnical report MSC Québec - Hydrology ;|vRT-128.|w(CaOODSP)9.919991 |
| 856 | 40|qPDF|s4.90 MB|uhttps://publications.gc.ca/collections/collection_2025/eccc/en57/En57-52-128-eng.pdf |